Normal view
MARC view
Entry Personal Name
001 - CONTROL NUMBER
- control field: 4593
003 - CONTROL NUMBER IDENTIFIER
- control field: ARRUPE
005 - DATE AND TIME OF LATEST TRANSACTION
- control field: 20131202170728.0
008 - FIXED-LENGTH DATA ELEMENTS
- fixed length control field: 131202|| aca||aabn | a|a d
040 ## - CATALOGING SOURCE
- Original cataloging agency: ARRUPE
- Transcribing agency: ARRUPE
100 ## - HEADING--PERSONAL NAME
- Personal name: Dostoevsky, Fyodor
670 ## - SOURCE DATA FOUND
- Source citation: Work cat.: (ARRUPE): Dostoevsky, Fyodor, The Dream of a Queer Fellow and the Pushkin Speech, 1960